[Event "Goch op 25th"]
[Site "Goch"]
[Date "2014.09.05"]
[Round "3"]
[White "Kozakowski, Jerzy"]
[Black "Boldt, Manfred"]
[Result "0-1"]
[WhiteElo "1529"]
[BlackElo "1818"]
[PlyCount "69"]
[EventDate "2014.09.04"]
[EventType "swiss"]
[EventRounds "7"]
[EventCountry "GER"]
[SourceTitle "EXT 2016"]
[Source "ChessBase"]
[SourceDate "2015.10.08"]
[SourceVersion "1"]
[SourceVersionDate "2015.10.08"]
[SourceQuality "1"]

1. Nf3 c5 2. g3 Nc6 3. Bg2 d5 4. d3 Nf6 5. 0-0 h6 6. Nbd2 Bf5 7. c3 e6 8. Qe1 Be7 9. e4 dxe4 10. dxe4 Bh7 11. h3 0-0 12. Nh2 Qc7 13. Qe2 Rad8 14. Ng4 Nd7 15. Nc4 b5 16. Na3 a6 17. Bxh6 gxh6 18. Nxh6+ Kg7 19. Qe3 Bg6 20. Ng4 Rh8 21. f4 c4 22. Nc2 Bc5 23. Nd4 Qb6 24. Rad1 e5 25. fxe5 Ndxe5 26. Nxe5 Nxe5 27. Qg5 f6 28. Qe3 Rd6 29. g4 Rhd8 30. b4 cxb3 31. axb3 Rxd4 32. cxd4 Bxd4 33. Rxd4 Qxd4 34. Qxd4 Rxd4 35. Rc1 0-1

[Event "Goch op 25th"]
[Site "Goch"]
[Date "2014.09.04"]
[Round "1"]
[White "Kozakowski, Jerzy"]
[Black "Weber, Rolf"]
[Result "0-1"]
[WhiteElo "1529"]
[BlackElo "1962"]
[PlyCount "78"]
[EventDate "2014.09.04"]
[EventType "swiss"]
[EventRounds "7"]
[EventCountry "GER"]
[SourceTitle "EXT 2016"]
[Source "ChessBase"]
[SourceDate "2015.10.08"]
[SourceVersion "1"]
[SourceVersionDate "2015.10.08"]
[SourceQuality "1"]

1. Nf3 e6 2. g3 d5 3. Bg2 Nf6 4. 0-0 c5 5. d3 Qb6 6. b3 a5 7. Bb2 Be7 8. Nbd2 Bd7 9. e4 dxe4 10. dxe4 Nc6 11. Nc4 Qc7 12. Nfe5 Rd8 13. f4 b5 14. Ne3 0-0 15. N3g4 Bc8 16. Nxf6+ Bxf6 17. Qh5 g6 18. Qh6 Nxe5 19. fxe5 Bxe5 20. Bxe5 Qxe5 21. Qe3 Qd4 22. Qxd4 Rxd4 23. e5 Rfd8 24. Bc6 b4 25. Rfe1 Rd2 26. Rac1 Ba6 27. Be4 c4 28. bxc4 Bxc4 29. c3 Bxa2 30. cxb4 axb4 31. Rc2 b3 32. Rxd2 Rxd2 33. Rc1 b2 34. Rc8+ Kg7 35. Rb8 Rd1+ 36. Kf2 b1Q 37. Bxb1 Bxb1 38. Ke2 Rh1 39. Rxb1 Rxb1 0-1

[Event "Goch op 24th"]
[Site "Goch"]
[Date "2013.09.07"]
[Round "5"]
[White "Schleime, Franz Josef"]
[Black "Kozakowski, Jerzy"]
[Result "1-0"]
[WhiteElo "1758"]
[BlackElo "1328"]
[PlyCount "63"]
[EventDate "2013.09.05"]
[EventType "swiss"]
[EventRounds "7"]
[EventCountry "GER"]
[SourceTitle "EXT 2015"]
[Source "ChessBase"]
[SourceDate "2014.11.20"]
[SourceVersion "1"]
[SourceVersionDate "2014.11.20"]
[SourceQuality "1"]

1. d4 e6 2. Nf3 d5 3. Bf4 f5 4. e3 Nf6 5. Be2 Be7 6. Nc3 c6 7. Ne5 0-0 8. h3 Bd6 9. Qd2 Bb4 10. f3 Nh5 11. 0-0-0 Nxf4 12. exf4 Qb6 13. g4 a5 14. Qd3 a4 15. a3 Bd6 16. gxf5 exf5 17. Rdg1 Be6 18. Qe3 Qc7 19. Bd3 Nd7 20. Rg2 Nxe5 21. fxe5 Be7 22. Qh6 g6 23. Rxg6+ hxg6 24. Qxg6+ Kh8 25. Qh5+ Kg8 26. Rg1+ Bg5+ 27. Rxg5+ Qg7 28. Rxg7+ Kxg7 29. Qg5+ Kh7 30. Qe7+ Bf7 31. Bxf5+ Kg8 32. Qg5+ 1-0